000 00972nam a22003375b 4500
001 004087
003 DO-SdBNP
005 20180222094818.0
007 004087
008 940629s1994 sp a ||| ||spa
016 7 _a
_2BPMSU
017 _a
_b
020 _a8420448192
035 _a
040 _aBPMSU
_bspa
_cBPMSU
_e
041 1 _aspa
_h
080 0 _a
100 1 _aFiedler, Christamaria
_d1945-
240 1 0 _aFrühstück für den Waran
_lespañol
245 1 3 _aEl verano de los animales /
_h
_cChristamaria Fiedler ; traducción de Mª Dolores Ábalos ; ilustraciones de Siglint Kessler
260 _aMadrid;
_bAlfaguara,
_c1994.
300 _a155 p. :
_bil. ;
_c20 cm
490 0 _aInfantil
521 _aA partir de 10 años.
700 1 _aÁbalos, María Dolores
_etr.
700 1 _aKessler, Siglint
_eil.
830 0 _aInfantil
942 _2ddc
_cBK
945 _aInventariado, 2018/ YL
956 _aVMATEO
_210
_320160421
_6BPMSU
_80069
999 _c9882
_d9882